The Theory And Design of Structures : (Record no. 171089)
[ view plain ]
| 000 -LEADER | |
|---|---|
| fixed length control field | 00994nam a22002897a 4500 |
| 003 - CONTROL NUMBER IDENTIFIER | |
| control field | OSt |
| 005 - DATE AND TIME OF LATEST TRANSACTION | |
| control field | 20241112101958.0 |
| 008 - FIXED-LENGTH DATA ELEMENTS--GENERAL INFORMATION | |
| fixed length control field | 241111b |||||||| |||| 00| 0 eng d |
| 020 ## - INTERNATIONAL STANDARD BOOK NUMBER | |
| International Standard Book Number | 9781332761524 (paperback) |
| Terms of availability | 35.00 |
| 024 ## - OTHER STANDARD IDENTIFIER | |
| Terms of availability | 35.00 |
| 040 ## - CATALOGING SOURCE | |
| Original cataloging agency | NUST |
| Language of cataloging | eng |
| Transcribing agency | NUST |
| Modifying agency | NUST |
| Description conventions | rda |
| 050 ## - LIBRARY OF CONGRESS CALL NUMBER | |
| Classification number | TG260 AND |
| 100 ## - MAIN ENTRY--PERSONAL NAME | |
| Relator term | Author |
| Fuller form of name | Andrews, Ewarts S . |
| 245 ## - TITLE STATEMENT | |
| Title | The Theory And Design of Structures : |
| Statement of responsibility, etc. | a text -book for the use of students , draughtsmen, and engineers engaged in constructional work/ Ewart S. Andrews |
| 250 ## - EDITION STATEMENT | |
| Edition statement | Third edition. |
| 260 ## - PUBLICATION, DISTRIBUTION, ETC. | |
| Place of publication, distribution, etc. | London: |
| Name of publisher, distributor, etc. | Dalton House, |
| Date of publication, distribution, etc. | 2018. |
| 300 ## - PHYSICAL DESCRIPTION | |
| Extent | xii ,618 pages: |
| Other physical details | illustrations; |
| Dimensions | 23 cm . |
| 336 ## - CONTENT TYPE | |
| Source | rdacontent |
| Content type term | text |
| Content type code | txt |
| 337 ## - MEDIA TYPE | |
| Source | rdamedia |
| Media type term | unmediated |
| Media type code | n |
| 338 ## - CARRIER TYPE | |
| Source | rdacarrier |
| Carrier type term | volume |
| Carrier type code | nc |
| 440 ## - SERIES STATEMENT/ADDED ENTRY--TITLE | |
| Title | Classic Reprint Series. |
| 504 ## - BIBLIOGRAPHY, ETC. NOTE | |
| Bibliography, etc. note | Includes index . |
| 650 ## - SUBJECT ADDED ENTRY--TOPICAL TERM | |
| General subdivision | Technology -Bridges |
| 650 ## - SUBJECT ADDED ENTRY--TOPICAL TERM | |
| General subdivision | Engineering-Bridges |
| 650 ## - SUBJECT ADDED ENTRY--TOPICAL TERM | |
| General subdivision | Civil Engineering |
| 942 ## - ADDED ENTRY ELEMENTS (KOHA) | |
| Source of classification or shelving scheme | Library of Congress Classification |
| Koha item type | Ordinary Loan Books |
| Classification part | TG260 |
| Call number prefix | TG |
| Call number suffix | AND |
| Suppress in OPAC | No |
| Withdrawn status | Lost status | Source of classification or shelving scheme | Damaged status | Not for loan | Collection | Home library | Current library | Shelving location | Date acquired | Source of acquisition | Cost, normal purchase price | Total Checkouts | Full call number | Barcode | Date last seen | Accession number | Cost, replacement price | Price effective from | Koha item type | Public note |
|---|---|---|---|---|---|---|---|---|---|---|---|---|---|---|---|---|---|---|---|---|
| LCC | NFIC | MAIN | MAIN | GEN | 11/11/2024 | Purchase | 35.00 | TG260 AND | 92004056655 | 11/11/2024 | 24/97 | 35.00 | 11/11/2024 | BOOKS | Purchase | |||||
| LCC | NFIC | MAIN | MAIN | GEN | 11/12/2024 | Purchase | 35.00 | TG260 AND | 92004056771 | 11/12/2024 | 24/98 | 35.00 | 11/12/2024 | BOOKS | Purchase |